Sparks Songs by Album (1971 - 1981) - Statistics

General Stats
  • This quiz has been taken 15 times
  • The average score is 34 of 111
Answer Stats
Answer % Correct
This Town Ain't Big Enough For Both Of Us
100%
The Number One Song In Heaven
75%
Beat The Clock
58%
Girl From Germany
58%
Propaganda
58%
Amateur Hour
50%
At Home At Work At Play
50%
Barbecutie
50%
B.C.
50%
Big Boy
50%
Equator
50%
Get In The Swing
50%
Here In Heaven
50%
Hospitality On Parade
50%
Lost And Found
50%
Marry Me
50%
Never Turn Your Back On Mother Earth
50%
Something For The Girl With Everything
50%
Talent Is An Asset
50%
Tryouts For The Human Race
50%
Wonder Girl
50%
Beaver O'Lindy
42%
Complaints
42%
Fa La Fa Lee
42%
Falling In Love With Myself Again
42%
Hasta Manana, Monsieur
42%
In My Family
42%
La Dolce Vita
42%
Saccharin and the War
42%
Thank God It's Not Christmas
42%
Whippings and Apologies
42%
Who Don't Like Kids
42%
Academy Award Performance
33%
Biology 2
33%
Bon Voyage
33%
Don't Leave Me Alone With Her
33%
Fill-Er-Up
33%
Goofing Off
33%
I Bought The Mississippi River
33%
Looks, Looks, Looks
33%
(No More) Mr. Nice Guys
33%
Pineapple
33%
Reinforcements
33%
Rock 'N' Roll People In A Disco World
33%
Slowboat
33%
Thanks But No Thanks
33%
The Louvre
33%
Tips For Teens
33%
Tits
33%
Under The Table With Her
33%
When I'm With You
33%
When I'm With You - Instrumental
33%
A Big Surprise
25%
Achoo
25%
Alabamy Right
25%
Batteries Not Included
25%
Big Bands
25%
Confusion
25%
Do-Re-Mi
25%
England
25%
Fletcher Honorama
25%
Happy Hunting Ground
25%
High C
25%
I'm Not
25%
In The Future
25%
Intrusion/Confusion
25%
It Ain't 1918
25%
I Want To Hold Your Hand
25%
Ladies
25%
Miss The Start, Miss The End
25%
Moon Over Kentucky
25%
My Other Voice
25%
Occupation
25%
Profile
25%
Roger
25%
The Lady Is Lingering
25%
Those Mysteries
25%
White Women
25%
Young Girls
25%
Angus Desire
17%
Don't Shoot Me
17%
Everybody's Stupid
17%
Forever Young
17%
Girls On The Brain
17%
Gone With The Wind
17%
Here Comes Bob
17%
How Are You Getting Home?
17%
I Want To Be Like Everybody Else
17%
Noisy Boys
17%
Nothing To Do
17%
Screwed Up
17%
Simple Ballet
17%
Stereo
17%
Tearing The Place Apart
17%
The Greatest Show On Earth
17%
The Willys
17%
Throw Her Away (And Get A New One)
17%
Underground
17%
Wacky Woman
17%
Where's My Girl
17%
Without Using Hands
17%
Funny Face
8%
I Like Girls
8%
I Married A Martian
8%
Just Because You Love Me
8%
Looks Aren't Everything
8%
Nothing Is Sacred
8%
Over The Summer
8%
Suzie Safety
8%
That's Not Natassia
8%
Upstairs
8%
No matching quizzes found
Score Distribution
Percent of People with Each Score
Percentile by Number Answered
Your Score History
You have not taken this quiz